History of women's movement in India from 1857 to 1947 (Record no. 14886)

MARC details
000 -LEADER
fixed length control field 00392nam a2200145Ia 4500
082 ## - DEWEY DECIMAL CLASSIFICATION NUMBER
Classification number TA.0048
100 ## - MAIN ENTRY--AUTHOR NAME
Personal name Asthana, Pratima
245 #0 - TITLE STATEMENT
Title History of women's movement in India from 1857 to 1947
260 ## - PUBLICATION, DISTRIBUTION, ETC. (IMPRINT)
Year of publication 1972
Name of publisher Agra University
300 ## - PHYSICAL DESCRIPTION
Number of Pages 339
650 ## - SUBJECT ADDED ENTRY--TOPICAL TERM
Topical Term Women
Form subdivision History
Geographic subdivision 1857-1947
650 ## - SUBJECT ADDED ENTRY--TOPICAL TERM
Topical Term Women
Form subdivision Socioe-conomic status
Geographic subdivision India
710 ## - ADDED ENTRY--CORPORATE NAME
Corporate name or jurisdiction name as entry element Srivastava, A.L.
942 ## - ADDED ENTRY ELEMENTS (KOHA)
Koha item type Thesis
Source of classification or shelving scheme Dewey Decimal Classification
Holdings
Withdrawn status Lost status Damaged status Not for loan Home library Current library Date acquired Full call number Accession Number Price effective from Koha item type
        NASSDOC Library NASSDOC Library 08/10/2004 TA.0048 5672 18/04/2019 Thesis